000
00225nam a22000857a 4500
008
161122b xxu||||| |||| 00| 0 eng d
100
_9
1329
_a
Moore.P.
245
_a
John Keats Selected Poems
260
_a
New Delhi
_b
Maanu Groups
_c
2012
999
_c
4041
_d
4041